World Capitals by Bodies of Water - Statistics

General Stats
  • This quiz has been taken 59 times
  • The average score is 67 of 190
Answers on the Map
Answers color-coded by a green-red scale on the quiz's map according to % correct below.
 
Answer Stats
Country Body of Water City % Correct
Gambia Atlantic Ocean/Gambia River Banjul
90%
Peru Chillon River/Pacific Ocean/Rimac River/Ri oSurco Lima
90%
Fiji Laucala Bay/Suva Harbour/Pacific Ocean Suva
90%
Samoa Pacific Ocean Apia
88%
Barbados Atlantic Ocean/Caribbean Sea/Constitution River Bridgetown
88%
South Africa Atlantic Ocean/False Bay/Indian Ocean Cape Town
88%
Tuvalu Pacific Ocean/Te Namo Lagoon Funafuti
88%
Solomon Islands Iron Bottom Sound/Pacific Ocean Honiara
88%
Marshall Islands Pacific Ocean Majuro
88%
Palau Namai Bay/Pacific Ocean Ngerulmud
88%
Tonga Fanga'uta Lagoon/Pacific Ocean Nuku'alofa
88%
Vanuatu Emten Lagoon/Erakor Lagoon/Mele Bay/Pacific Ocean Port Vila
88%
Kiribati Pacific Ocean Tarawa
88%
New Zealand Cook Strait/Evans Bay/Pacific Ocean Wellington
88%
Nauru Moqua Well/Pacific Ocean Yaren
88%
Guinea Atlantic Ocean/Sangareya Bay Conakry
86%
Senegal Atlantic Ocean Dakar
86%
Sierra Leone Atlantic Ocean/Cockerill Bay/Tagrin Bay Freetown
86%
Guyana Atlantic Ocean/Demerara River Georgetown
86%
Gabon Gabon Estuary/Atlantic Ocean Libreville
86%
Angola Atlantic Ocean/Luanda Bay/Rio Seco Luanda
86%
Liberia Atlantic Ocean/Mesurado River Monrovia
86%
Bahamas Atlantic Ocean/Bonefish Pond/Corry Sound/Harold and Wilson Ponds/Lake Cunningham/Lake Killarney/Millars Sound/Old Fort Bay/Seabreeze Canal/South West Bay Nassau
86%
Mauritania Atlantic Ocean Nouakchott
86%
Suriname Atlantic Ocean/Suriname River Paramaribo
86%
Cabo Verde Atlantic Ocean/Porto da Praia Praia
86%
Morocco Atlantic Ocean/Oued Bou Regreg Rabat
86%
Iceland Faxaflói Bay/Atlantic Ocean Reykjavík
86%
São Tomé and Príncipe Ana Chaves Bay/Atlantic Ocean São Tomé
86%
Libya Mediterranean Sea Tripoli
86%
Lebanon Mediterranean Sea Beirut
78%
Monaco Mediterranean Sea Monaco
78%
Malta Grand Harbour/Mediterranean Sea Valletta
78%
Saint Kitts and Nevis Basseterre Bay/Caribbean Sea Basseterre
76%
Saint Lucia Caribbean Sea Castries
76%
Saint Vincent and the Grenadines Caribbean Sea Kingstown
76%
Mozambique Indian Ocean/Maputo Bay Maputo
76%
Somalia Indian Ocean Mogadishu
76%
Comoros Indian Ocean Moroni
76%
Mauritius Canal Anglais/Indian Ocean/Latanier River/Le Pouce Stream/Ruisseau Creole/Trou Fanfaron Harbour Port Louis
76%
Trinidad and Tobago Gulf of Paria/Caribbean Sea Port of Spain
76%
Dominica Caribbean Sea/Roseau River Roseau
76%
Grenada Caribbean Sea/Saint George's Bay/Saint George's Inner Harbour Saint George's
76%
Antigua and Barbuda Deepwater Harbour/Caribbean Sea/McKinnon's Pond Saint John's
76%
Dominican Republic Arroyo Guajimia/Arroyo Hondo/Caribbean Sea/Rio Haina/Rio Ozama Santo Domingo
76%
Seychelles Indian Ocean/Riviere Anglaise Victoria
76%
United Arab Emirates Khor Al Baghal/Khor Laffan/Persian Gulf Abu Dhabi
72%
Qatar Persian Gulf Doha
72%
Kuwait Kuwait Bay/Persian Gulf Kuwait City
72%
United Kingdom River Thames London
72%
Bahrain Abu Mahir/Khawr al Qulay'ah/Persian Gulf Manama
72%
Serbia River Danube Belgrade
68%
Slovakia River Danube Bratislava
68%
Hungary River Danube Budapest
68%
Austria River Danube Vienna
68%
Republic of the Congo Congo River/Djoue River Brazzaville
66%
Democratic Republic of the Congo Basoko/Congo River/Makelele/Riviere Gombe Kinshasa
66%
Mali Niger River Bamako
62%
Egypt Nile River Cairo
62%
Sudan Nile River/Blue Nile River/White Nile River Khartoum
62%
Niger Niger River Niamey
62%
France River Seine Paris
62%
Vietnam Ho Tay/Red River/To Lich River Hanoi
60%
Cuba Arroyo Orengo/Bahia de la Habana/Embalse Bacuranao/Embalse Ejercito Rebelde/Embalse Nina Bonita/Embalse Paso Sequito/Gulf of Mexico/Havana Port/Quibu/Rio Almendares Havana
60%
Liechtenstein River Rhine Vaduz
58%
Azerbaijan Caspian Sea Baku
56%
Uganda Lake Victoria/Murchison Bay Kampala
56%
Argentina Lago de Regates/Lago Hipodromo Argentino/Lago Lugano/Laguna de las Gavioatas/Laguna de los Coipos/Laguna de los Patos/Matanza River/Rio Darsena/Rio Dique/Rio de la Plata Buenos Aires
52%
Uruguay Arroyo Manga/Arroyo del Molino/Arroyo Pantanoso/Canada Jesus Maria/Canada Malvin/Carrasco Creek/Miguelete Creek/Rio de la Plata/Rio Santa Lucia Montevideo
52%
United States of America Anacostia River/Potomac River Washington
52%
Ireland River Liffey Dublin
50%
Cambodia Bassac River/Mekong River/Tonle Sap River Phnom Penh
50%
Laos Mekong River Vientiane
50%
Greece Saronic Gulf Athens
48%
Iraq Tigris River Baghdad
48%
Ghana Gulf of Guinea/Korle Lagoon Accra
46%
Togo Gulf of Guinea/Lac Est/Lac Ouest Lome
46%
Equatorial Guinea Bahía de Santa Isabel/Bahía de Venus/Bahía del Nervión/Gulf of Guinea/Rio Consul/Rio San Nicolas Malabo
46%
Benin Gulf of Guinea/Lagune de Cotonou/Lake Nokoue/Yewa Porto-Novo | Cotonou
46%
Italy River Tiber Rome
46%
Panama Matasnillo River/Panama Bay/Panama Canal/Rio Abajo/Quebrada Iguana Panama City
42%
Poland River Vistula Warsaw
42%
Djibouti Gulf of Oman/Gulf of Tadjoura Djibouti
40%
Oman Gulf of Oman/Wadi Muscat
40%
South Korea Han River Seoul
40%
Portugal River Tagus Lisbon
34%
Netherlands River Amstel/IJ Amsterdam
30%
Paraguay Arroyo Mburicao/Bahia de Asuncion/Banco San Miguel/Paraguay River Asunción
30%
Germany River Spree/River Havel Berlin
28%
Papua New Guinea Port Moresby Harbour/Coral Sea Port Moresby
26%
Ukraine River Dnieper Kiev
24%
Canada Dow's Lake/Ottawa River/Rideau River Ottawa
24%
Finland Gulf of Finland Helsinki
22%
Pakistan Burma Bridge/Jhod Kas/Jinnah Stream/Kurang River/Ling Stream/Nallah Lai/Rawal Lake/Sandaymar River/Soan River/Swaan River Islamabad
22%
Estonia Gulf of Finland Tallinn
22%
Slovenia River Ljubljanica/River Sava Ljubljana
20%
Croatia River Sava Zagreb
20%
Thailand Chao Phraya River/Gulf of Thailand Bangkok
18%
Latvia River Daugava/Gulf of Riga Riga
18%
Russia River Moskva Moscow
16%
Czech Republic River Vltava Prague
16%
Singapore Johor Strait/Singapore Strait Singapore
16%
Central African Republic Ubangi River Bangui
14%
South Sudan White Nile River Juba
14%
Brunei Brunei River/Sungai Agar/Sungai Akar/Sungai Berakas/Sungai Kedayan/Sungai Menglait/Sungai Pulaie Bandar Seri Begawan
12%
East Timor Banda Sea/Comoro River Dili
12%
Spain River Manzanares Madrid
12%
Maldives Indian Ocean Malé
12%
India Yamuna River New Delhi
10%
Tunisia Gulf of Tunis/Lake of Tunis/Sebkha Ariana/Sebkhet Sijoumi Tunis
10%
Colombia Arzobispo River/Bogota River/Canal Callejas/Canal Niza/Humedal Cordoba/Humedal de Jaboque/Humedal Tibabuyes o Juan Amarillo/Lago Club Banco de La Republica/Lago Club Los Lagartos/Lago Sur Club Country Bogotá
8%
Belgium River Senne/Brussels-Charleroi Canal Brussels
8%
Moldova River Bîc Chișinău
8%
North Macedonia River Vardar Skopje
8%
Indonesia Jakarta Bay Jakarta
6%
Nicaragua Lago de Asasosca/Laguna Acahualinca/Laguna de Nejapa/Laguna de Tiscapa/Lake Managua/Micro Presa de Sedimentacion Managua
6%
Philippines Manila Bay/Pasig River Manila
6%
Chad Chari River/Logone River N'Djamena
6%
Belize Belize River/Roaring River Belmopan
4%
Switzerland River Aare Bern
4%
Romania River Dâmbovița Bucharest
4%
Denmark Copenhagen Harbour/Strait of Øresund Copenhagen
4%
Syria Barada River Damascus
4%
Luxembourg River Alzette Luxembourg
4%
Kenya Nairobi River/Kischwa River Nairobi
4%
Kazakhstan Ishim River/Taldykol' Ozero Nur-Sultan
4%
Norway Oslofjord Oslo
4%
Montenegro River Morača Podgorica
4%
Haiti Port-au-Prince Bay/Riviere Grise Port-au-Prince
4%
Bulgaria River Perlovska/River Iskar Sofia
4%
Honduras Represa Los Laureles/Rio Chiquito/Rio Grande o Choluteca/Rio Guacerique/Rio Jacaleapa/Rio San Jose Tegucigalpa
4%
Albania River Lana Tirana
4%
Algeria Bay of Algiers/Oued El Harrach Algiers
2%
Andorra Gran Valira Andorra la Vella
2%
China Beisha River/Chaobai River/Liangshui River/Lingou River/Nansha River/Shahe Reservoir/Qinghe River/Tonghui River/Wenyu River/Yongding River Beijing
2%
Kyrgyzstan Al-Archa/Great Chuy Canal Bishkek
2%
Australia Cotter River/Jerrabomberra Creek/Lake Burley Griffin/Lake Ginninderra/Molonglo River/Murrumbidgee River/Sullivans Creek/Weston Creek/Yarralumla Creek Canberra
2%
Bangladesh Buriganga River/Dhaleshwari River/Shitalakshya River/Turag River Dhaka
2%
Afghanistan Darya-e- Kabul/Hashmat Khan Lake Kabul
2%
Jamaica Constant Spring Gully/Fresh River/Hope River/Liguanea Palm/Mona Reservoir/Sandy Gully/Tivoli Gully Kingston
2%
Bolivia Rio Chioca/Rio Irpavi/Rio Quirpinchaca La Paz/Sucre
2%
Malawi Lilongwe/Namanthanga Lilongwe
2%
Zambia Goma Lakes Lusaka
2%
Eswatini Mbabane River/Polinjane River Mbabane
2%
Cyprus Kanli Dere/Pedieos Nicosia
2%
North Korea Potong/Taedong Pyongyang
2%
Chile Canal San Carlos/Maipo River/Mapocho River/Rio Viejo/Zanjon de la Aguada Santiago
2%
Bosnia and Herzegovina River Miljacka Sarajevo
2%
Taiwan Keelung River/Tamsui River Taipei
2%
Uzbekistan Ankhor/Bozsu/Burdjar/Chirchiq/Zah Aryk Tashkent
2%
Georgia Mtkvari/Tbilisi Reservoir Tbilisi
2%
Iran Jajrud River Tehran
2%
Bhutan Thimphu Chu Thimphu
2%
Japan Arakawa River/Sumida River Tokyo
2%
Mongolia Selbe River/Tuul Gol Ulaanbaatar
2%
Armenia Hrazdan River/Nizhne Razdanskiy/Yerevanyan Lake Yerevan
2%
Nigeria Jabi Lake Abuja
0%
Ethiopia Akaki/Bulbula/Bantyketu/Kebena River Addis Ababa
0%
Turkey Çubuk Stream Ankara
0%
Madagascar Andranotapahina/Ikopa/Lac Mahazoarivo/Lac Masay Antananarivo
0%
Turkmenistan Karakum Canal/Kurtlinskoe Reservoir Ashgabat
0%
Eritrea Mai Bela Asmara
0%
Guinea-Bissau Rio Geba Bissau
0%
South Africa Bloemspruit/Bloudam/Loch Logan Bloemfontein
0%
Brazil Lago do Parque da Cidade/Lago Paranoa/Lagoa do Jaburu/Represa Santa Maria Brasília
0%
Venezuela Embalse La Pereza/Lago Circulo Militar/Laguna Parque del Oeste/Rio Guaire Caracas
0%
Tanzania Kikuyu River Dodoma
0%
Tajikistan Gissar Canal/Kafirnigan/Varzob Dushanbe
0%
Botswana Botswana Dam/Ngotwane River/Segoditshane River Gaborone
0%
Guatemala Rio Contrera/Rio El Naranjo/Rio Las Vacas/Rio Negro/Quebrada Agua Bonita Guatemala City
0%
Zimbabwe Cleveland Dam/Gletwyn Harare
0%
Nepal Bagmati River/Bishnumati River Kathmandu
0%
Rwanda Nyabugogo Kigali
0%
Malaysia Gombak River/Kerayong River/Klang River/Kuyoh River/Sungai Batu/Sungai Keroh Kuala Lumpur
0%
Lesotho Maqalika Dam/Mohokare River Maseru
0%
Mexico Lake Chalco/(Lake Texcoco)/Lake Xochimilco/Lake Zumpango Mexico City
0%
Belarus River Svislach Minsk
0%
Myanmar Ngalaik Creek/Ngalait River Naypyidaw
0%
Burkina Faso Barrage Ouagadougou
0%
Micronesia Pillapen Soundau Palikir
0%
South Africa Apies River/Bon Accord/Hartbeesspruit/Moretele/Onderstepoort/Rietvleidam/Sesmylspruit/Skinnerspruit/Walkerspruit Pretoria
0%
Ecuador Chiche/Monjas River/Q Caupicho/Q La Chorrera/Rio de Guayllabamba/Manchangara Quito
0%
Costa Rica Lago Parque de la Paz/Laguito/Primer Lago de la Paz/Quebrada Bribri/Quebrada Chapui/Rio Maria Aguilar/Rio Ocloro/Rio Torres/Rio Virilla San José
0%
El Salvador Arenal Montserrat/Quebrada la Mascota/Quebrada las Lajas San Salvador
0%
Sri Lanka Diyawanna Lake/Kolonnawa Canal Sri Jayawardenepura Kotte
0%
Sweden Riddarfjärden/Lake Mälaren Stockholm
0%
Lithuania River Neris Vilnius
0%
Namibia Arebbusch River/Gammams River/Goreangab Reservoir Windhoek
0%
Ivory Coast Lac Ankojem/Lac de l'INP/10 Artificial Unnamed Lakes Yamoussoukro
0%
Cameroon Bissai/Quartier du Lac/Yamso Yaoundé
0%
No matching quizzes found
Score Distribution
Percent of People with Each Score
Percentile by Number Answered
Your Score History
You have not taken this quiz